<?xml version="1.0" encoding="UTF-8"?>
<record
    xmlns:xsi="http://www.w3.org/2001/XMLSchema-instance"
    xsi:schemaLocation="http://www.loc.gov/MARC21/slim http://www.loc.gov/standards/marcxml/schema/MARC21slim.xsd"
    xmlns="http://www.loc.gov/MARC21/slim">

  <leader>01798nam a22002537a 4500</leader>
  <controlfield tag="003">OSt</controlfield>
  <controlfield tag="005">20260428121158.0</controlfield>
  <controlfield tag="008">260428b        |||||||| |||| 00| 0 spa d</controlfield>
  <datafield tag="020" ind1=" " ind2=" ">
    <subfield code="a">9788418418853</subfield>
  </datafield>
  <datafield tag="082" ind1=" " ind2=" ">
    <subfield code="2">9788418418853</subfield>
  </datafield>
  <datafield tag="100" ind1=" " ind2=" ">
    <subfield code="a">Mar&#xED;a Jos&#xE9; Borrego Osete</subfield>
  </datafield>
  <datafield tag="245" ind1=" " ind2=" ">
    <subfield code="a">Gesti&#xF3;n y direcci&#xF3;n de cl&#xED;nicas dentales</subfield>
  </datafield>
  <datafield tag="250" ind1=" " ind2=" ">
    <subfield code="a">1ra edici&#xF3;n</subfield>
  </datafield>
  <datafield tag="260" ind1=" " ind2=" ">
    <subfield code="a">Ja&#xE9;n, Espa&#xF1;a</subfield>
    <subfield code="b">Formaci&#xF3;n Alcal&#xE1;</subfield>
    <subfield code="c"> 2021.</subfield>
  </datafield>
  <datafield tag="300" ind1=" " ind2=" ">
    <subfield code="a">374 p&#xE1;g</subfield>
    <subfield code="c">17 x 23.5 cm</subfield>
  </datafield>
  <datafield tag="490" ind1=" " ind2=" ">
    <subfield code="3"> R&#xFA;stica / </subfield>
  </datafield>
  <datafield tag="520" ind1=" " ind2=" ">
    <subfield code="a">Este manual especializado tiene como prop&#xF3;sito fundamental dotar a los profesionales del sector odontol&#xF3;gico de las competencias directivas necesarias para transformar una consulta en una empresa competitiva. El texto aborda de manera integral la planificaci&#xF3;n estrat&#xE9;gica, la gesti&#xF3;n financiera y la optimizaci&#xF3;n de los procesos internos para maximizar la rentabilidad del centro. Asimismo, analiza la importancia del marketing sanitario y la fidelizaci&#xF3;n del paciente como ejes vertebradores del &#xE9;xito institucional. A trav&#xE9;s de sus cap&#xED;tulos, se examinan las normativas vigentes y los protocolos de calidad que aseguran la excelencia en la prestaci&#xF3;n de servicios de salud. La obra busca, en &#xFA;ltima instancia, profesionalizar la administraci&#xF3;n dental mediante herramientas pr&#xE1;cticas de liderazgo y control organizacional. El contenido equilibra el rigor t&#xE9;cnico con una visi&#xF3;n pragm&#xE1;tica adaptada a las exigencias del mercado actual. Por ello, se posiciona como una gu&#xED;a de referencia para titulares de cl&#xED;nicas que deseen mejorar su eficiencia operativa.</subfield>
  </datafield>
  <datafield tag="610" ind1=" " ind2=" ">
    <subfield code="x">Planificaci&#xF3;n estrat&#xE9;gica</subfield>
  </datafield>
  <datafield tag="650" ind1=" " ind2=" ">
    <subfield code="x">Gesti&#xF3;n financiera y contable</subfield>
  </datafield>
  <datafield tag="654" ind1=" " ind2=" ">
    <subfield code="x">Marketing odontol&#xF3;gico</subfield>
  </datafield>
  <datafield tag="655" ind1=" " ind2=" ">
    <subfield code="x">Recursos humanos</subfield>
  </datafield>
  <datafield tag="700" ind1=" " ind2=" ">
    <subfield code="a">Mar&#xED;a Jos&#xE9; Borrego Osete</subfield>
  </datafield>
  <datafield tag="942" ind1=" " ind2=" ">
    <subfield code="2">ddc</subfield>
    <subfield code="c">BK</subfield>
    <subfield code="n">0</subfield>
  </datafield>
  <datafield tag="952" ind1=" " ind2=" ">
    <subfield code="0">0</subfield>
    <subfield code="1">0</subfield>
    <subfield code="2">ddc</subfield>
    <subfield code="4">0</subfield>
    <subfield code="7">0</subfield>
    <subfield code="8">D04</subfield>
    <subfield code="a">ISUS</subfield>
    <subfield code="b">ISUS</subfield>
    <subfield code="c">Biblioteca Cerrada</subfield>
    <subfield code="d">2026-04-28</subfield>
    <subfield code="e">odontologia</subfield>
    <subfield code="f">0784</subfield>
    <subfield code="i">0784</subfield>
    <subfield code="l">0</subfield>
    <subfield code="o">odontolog&#xED;a </subfield>
    <subfield code="p">ODON0784</subfield>
    <subfield code="r">2026-04-28 12:18:39</subfield>
    <subfield code="t">1</subfield>
    <subfield code="w">2026-04-28</subfield>
    <subfield code="y">BK</subfield>
  </datafield>
  <datafield tag="999" ind1=" " ind2=" ">
    <subfield code="c">2080</subfield>
    <subfield code="d">2080</subfield>
  </datafield>
</record>
